00325nam a2200121Ia 4500008004100000020001400041050001500055100002100070245003700091260003800128300002400166650001300190150202s9999 xx 000 0 und d a425100650 aFIC bFIC  aKoontz, Dean R.  aTwilight eyes /cDean R. Koontz. aNew York :bBerkley Books,c1987. a450 pages :c18 cm. aFiction.